20 Facts About 'Phoenix' Quiz Stats

Quiz Updated Mar 14, 2014

Challenge
Share
Tweet
Embed
Score 0/20 Timer 04:00
1 Play Today
Hint Answer % Correct
This US State has Phoenix as its capital Arizona
89.8%
Actor River Phoenix died on this spooky holiday, the same as Harry HoudiniHalloween
82.3%
Golden Phoenix Awards are the equivalent of the Screen Actors Guild Awards in this most populous Asian CountryChina
77.6%
Phoenix was a NASA robotic spacecraft on a space exploration mission on this planetMars
77.1%
Joaquin Phoenix was nominated for an Oscar for his portrayal of this country singer in 'Walk the Line'Johnny Cash
76.5%
The phoenix is a long-lived bird that is cyclically regenerated or reborn, it is usually associated with this classical elementFire
76%
This Bard of Avon wrote the poem The Phoenix and the Turtle.William Shakespeare
70.7%
Phlash the Phoenix is the mascot for the University of Wisconsin Campus located in this home city of the NFL's PackersGreen Bay
70.4%
In 2005, Belgium issued a coin celebrating '60 Years of Peace and Freedom in Europe' and featuring a phoenix. This is the currency of that coin.Euro
66.2%
Dumbledore's phoenix dropped this upon Harry's wounds, inflicted by the Basilisk, and cured him of its venomTears
65%
Hint Answer % Correct
The name of Dumbledore's phoenix in the Harry Potter booksFawkes
61.4%
The capital of New Zealand has a football team with phoenix in its nameWellington
61.1%
Although a Phoenix like bird is found in many cultures, the origin of the word Phoenix is from this languageGreek
59%
Transsylvania Phoenix is a rock band from this country.Romania
57.4%
This defunct GM Auto Division featured a Phoenix on the hood of its Trans Am and had cars named both Firebird and PhoenixPontiac
48.9%
Phoenix is a genus of 14 species of this type of plant, which produces dates.Palm Tree
35.3%
'By the Time I Get to Phoenix' was a 1967 Hit for this one time Beach Boy and Rhinestone CowboyGlen Campbell
31.5%
'The Firebird' is a ballet by this Russian composer who is most famous for 'The Rite of Spring'Igor Stravinsky
29.5%
The phoenix is the mascot of this one time athletic member of the Big Ten and current CIC member (The academic consortium of Big Ten institutions)University of Chicago
12.9%
'The Phoenix bird will leave this world to fly If the Phoenix bird can fly then so can I' are lines from this Elton John songGrey Seal
5.6%

You're not logged in!

Compare scores with friends on all Sporcle quizzes.
Join for Free
OR
Log In

You Might Also Like...

Show Comments

Extras

Top Quizzes Today


Score Distribution

Your Account Isn't Verified!

In order to create a playlist on Sporcle, you need to verify the email address you used during registration. Go to your Sporcle Settings to finish the process.

Report this User

Report this user for behavior that violates our Community Guidelines.

Details: